Los mexicanos pintados por sí mismos (Record no. 10447)
[ view plain ]
| 000 -CABECERA | |
|---|---|
| campo de control de longitud fija | 01087nam a2200253 a 4500 |
| 001 - NÚMERO DE CONTROL | |
| campo de control | BRL_1638 |
| 005 - FECHA Y HORA DE LA ÚLTIMA TRANSACCIÓN | |
| campo de control | 20190320211312.0 |
| 008 - DATOS DE LONGITUD FIJA--INFORMACIÓN GENERAL | |
| campo de control de longitud fija | 150414s1935----mx-a######---#000-0#spa-# |
| 041 ## - CÓDIGO DE LENGUA | |
| Código de lengua del texto/banda sonora o título independiente | spa |
| 044 ## - CÓDIGO DEL PAÍS DE LA ENTIDAD EDITORA/PRODUCTORA | |
| Código MARC del país | mx |
| 050 #4 - SIGNATURA TOPOGRÁFICA DE LA BIBLIOTECA DEL CONGRESO | |
| Número de clasificación | F1210 |
| Número de documento/Ítem | .M49 1935 |
| 245 10 - MENCIÓN DE TÍTULO | |
| Título | Los mexicanos pintados por sí mismos |
| Resto del título | obra escrita por una sociedad de literatos y reproducida en facsimil por la Bilbioteca Nacional de México |
| 260 ## - PUBLICACIÓN, DISTRIBUCIÓN, ETC. | |
| Lugar de publicación, distribución, etc. | México |
| Nombre del editor, distribuidor, etc. | Biblioteca Nacional y Estudios Neolitho |
| Fecha de publicación, distribución, etc. | 1935 |
| 300 ## - DESCRIPCIÓN FÍSICA | |
| Extensión | 290 p. |
| Otras características físicas | il. (blanco y negro) |
| Dimensiones | 22 cm. |
| 500 ## - NOTA GENERAL | |
| Nota general | Au1869 |
| 500 ## - NOTA GENERAL | |
| Nota general | Incluye índice de autores y títulos e índice de los artículos. |
| 500 ## - NOTA GENERAL | |
| Nota general | En la portada: ´La edición original fue hecha en la casa de M. Murguía, portal del aguila de oro, en 1855´. |
| 500 ## - NOTA GENERAL | |
| Nota general | Ver también los numeros de sistema 1887 y 4292 pertenecientes al Fondo Contemporáneo |
| 500 ## - NOTA GENERAL | |
| Nota general | Ver también número de sistema 1663 perteneciente al Fondo Ruth Luchega |
| 650 14 - PUNTO DE ACCESO ADICIONAL DE MATERIA--TÉRMINO DE MATERIA | |
| Término de materia o nombre geográfico como elemento de entrada | Vida cotidiana |
| Subdivisión geográfica | México |
| 9 (RLIN) | 27511 |
| 651 #4 - PUNTO DE ACCESO ADICIONAL DE MATERIA--NOMBRE GEOGRÁFICO | |
| Nombre geográfico | México |
| Subdivisión general | Vida social y costumbres |
| 9 (RLIN) | 769 |
| 902 ## - CATALOGADOR | |
| Iniciales | GRL |
| 942 ## - ELEMENTOS DE PUNTO DE ACCESO ADICIONAL (KOHA) | |
| Fuente del sistema de clasificación o colocación | Library of Congress Classification |
| Tipo de ítem Koha | Libros |
| Estado de retiro | Estado de pérdida | Estado dañado | No para préstamo | Localización permanente | Ubicación/localización actual | Fecha de adquisición | Número de inventario | Total de préstamos | Signatura topográfica completa | Código de barras | Fecha visto por última vez | Precio válido a partir de | Tipo de ítem Koha |
|---|---|---|---|---|---|---|---|---|---|---|---|---|---|
| El ejemplar forma parte de la colección y puede ser consultado según las políticas vigentes. | Biblioteca Centro de Estudios Ruth D. Lechuga | Biblioteca Centro de Estudios Ruth D. Lechuga | 15/04/2014 | Au1869 | F1210 .M49 1935 (Au1869) | GRL01805 | 22/03/2019 | 22/03/2019 | Libros |